| 000 | 00460nam a2200121Ia 4500 | ||
|---|---|---|---|
| 008 | 170221s9999 xx 000 0 und d | ||
| 100 | _aMohammed Tehrani | ||
| 245 | _aHow Courts Can Prevent Excess Emitters From Using Bankruptcy as a Forum to Avoid California AB 32’s Allowance Deductions | ||
| 245 | _cMohammed Tehrani | ||
| 260 | _c2013 | ||
| 650 | _xBusiness | ||
| 856 | _uhttp://digitalcommons.pepperdine.edu/cgi/viewcontent.cgi?article=1110&context=jbel | ||
| 999 |
_c309556 _d309556 |
||